| 000 | 00322 a2200133 4500 | ||
|---|---|---|---|
| 999 |
_c325009 _d325009 |
||
| 001 | 89936 | ||
| 003 | NUST | ||
| 005 | 20180124141438.0 | ||
| 008 | 180124b xxu||||| |||| 00| 0 eng d | ||
| 082 | _a910.4 MUS | ||
| 100 |
_amustansar Hussain Tarar _99703 |
||
| 245 |
_aKhana Badush _hUrdu |
||
| 260 |
_aLahore _bSang-e-Meel Publication _c2009 |
||
| 300 | _a432p. | ||
| 500 | _aGeneral Books | ||
| 942 |
_aCAE NUST _cBK _k910.4 MUS _2ddc |
||